000 00337nam a2200145Ia 4500
005 20250508052613.0
008 240331s9999 xx 000 0 und d
082 _bKAN
_a891
100 _aKannan, L
245 0 _aOsaigal
260 _aBangalore
_bKaavya
_c1984
300 _a241 p .,
500 _aShort Novel & Short Stories
942 _cL
999 _c4373
_d4373